মহিমান্বিত কুরআন শব্দে শব্দে অর্থ / (Record no. 12395)
[ view plain ]
| 000 -LEADER | |
|---|---|
| fixed length control field | 01036nam a2200241 a 4500 |
| 001 - CONTROL NUMBER | |
| JCCL Control Number | 12395 |
| 003 - CONTROL NUMBER IDENTIFIER | |
| JCCL marc code | BD-JhCC |
| 005 - DATE AND TIME OF LATEST TRANSACTION | |
| control field | 20220512134022.0 |
| 008 - FIXED-LENGTH DATA ELEMENTS--GENERAL INFORMATION | |
| fixed length control field | 220203s2021 bg |||| ||a| 000 0 ben d |
| 020 ## - INTERNATIONAL STANDARD BOOK NUMBER | |
| International Standard Book Number | 9789848046623 |
| 035 ## - SYSTEM CONTROL NUMBER | |
| system control number | (BD-JhCC)12395 |
| 040 ## - CATALOGING SOURCE | |
| Original cataloging agency | BD-JhCC |
| Modifying agency | BD-JhCC |
| 041 ## - LANGUAGE CODE | |
| Language code of Book | bengali |
| 082 ## - DEWEY DECIMAL CLASSIFICATION NUMBER | |
| Classification number | 297.1227 |
| Author mark and Year | ALQ 2021 |
| 245 ## - TITLE STATEMENT | |
| Title | মহিমান্বিত কুরআন শব্দে শব্দে অর্থ / |
| Statement of responsibility, etc | অনু: মুফতি আবু উমামা কুতুবুদ্দীন মাহমুদ,মুফতি আব্দুল্লাহ শিহাব। |
| 260 ## - PUBLICATION, DISTRIBUTION, ETC. (IMPRINT) | |
| Place of publication, distribution, etc | ঢাকা : |
| Name of publisher, distributor, etc | সিয়ান পাবলিকেশন লিমিটেড; |
| Date of publication, distribution, etc | ২০২১. |
| 300 ## - PHYSICAL DESCRIPTION | |
| Pagination | 934 p. : |
| Dimensions | 24 cm. |
| 650 ## - SUBJECT ADDED ENTRY--TOPICAL TERM | |
| Topical term or geographic name as entry element | Al-Quran Dictionary |
| 700 ## - ADDED ENTRY--PERSONAL NAME | |
| Personal name | মাহমুদ,মুফতি আবু উমামা কুতুবুদ্দীন |
| 700 ## - ADDED ENTRY--PERSONAL NAME | |
| Personal name | শিহাব,মুফতি আব্দুল্লাহ |
| 942 ## - ADDED ENTRY ELEMENTS (KOHA) | |
| Source of classification or shelving scheme | Dewey Decimal Classification |
| Koha item type | Books |
| Koha issues (borrowed), all copies | 5 |
| Source of classification or shelving scheme | Damaged status | Not for loan | Home library | Current library | Shelving location | Date of accession | Cost, normal purchase price | Total Checkouts | Full call number | Barcode | Checked out | Date last seen | Date checked out | Copy number | Koha item type | Method of acquisition | Currency |
|---|---|---|---|---|---|---|---|---|---|---|---|---|---|---|---|---|---|
| Dewey Decimal Classification | JCC Rouf Library | JCC Rouf Library | General Stacks | 06/10/2021 | 990.00 | 2 | 297.1227 ALQ 2021 | 17017 | 06/03/2023 | 04/27/2023 | 04/27/2023 | C-1 | Books | ||||
| Dewey Decimal Classification | JCC Rouf Library | JCC Rouf Library | General Stacks | 990.00 | 1 | 297.1227 ALQ 2021 | 19631 | 08/21/2025 | 08/11/2025 | C-2 | Books | Purchase | BDT |